Europejskie miasta po opisie [#2] - Statystyki

Ogólne statystyki
  • Ten quiz został rozwiązany 13 razy
  • Średni wynik to 10 z 15
Statystyki odpowiedzi
Podpowiedź Miasto % Poprawnych
Stolica kraju, o najmniejszej liczbie ludności Watykan
91%
Drugie największe miasto tego kraju, leżące między fiordami Bergen
82%
"Stolica" tego zagłębia węglowego we wschodniej Ukrainie Donieck
82%
Miasto na wschodnim krańcu morza Bałtyckiego Petersburg
82%
Ta stolica znajduje się 50 km od pewnej niemieckojęzycznej stolicy Bratysława
73%
Polacy stanowią blisko 20% ludności tego miasta za naszą wschodnią granicą Grodno
73%
Częścią miasta jest Malta, choć nie leży na wyspie Poznań
73%
W tym mieście beneluksu znajduje się największy port w Europie Rotterdam
73%
Największe miasto greckiej Macedonii Saloniki
73%
Miasto Mozarta Salzburg
64%
Największe miasto regionu Badenia-Wirtembergia Stuttgart
55%
Największe miasto położone nad morzem Adriatyckim Bari
45%
Bałkańskie miasto w którym można spotkać cyrylice i wykąpać się w morzu Czarnym Warna
45%
Z tego miasta RMS Titanic wypłynął w swój dziewiczy rejs Southampton
36%
Miasto leżące nad rzeką Rodan z widokiem na Alpy Genewa
9%
Nie znaleziono quizów pasujących do podanych kryteriów
Rozkład punktacji
Procent ludzi z każdym wynikiem
Percentyl według liczby udzielonych odpowiedzi
Twoja historia wyników
Nie rozwiązałeś tego quizu